Prečo nie najlepšieho

Podrobná bibliografia
Hlavný autor: Schutz, Peter, 1955- (Autor)
Médium: Článok
Jazyk:slovenčina
ISSN:1335-440X
Predmet:

MARC

LEADER 00000nab a2200000 a 4500
001 vtls009505549
003 SK-MaSNL
005 20260426070606.0
008 140512c20090319xo dr|n|||||||000 b|slo
015 |a SNBRB2009/05  |2 snkbucl 
040 |a SNKBUCL  |b slo  |c SNKBUCL  |e AACR2 
041 0 |a slo 
044 |a xo  |c SK 
080 |a 324:342.511 ôx (437.6)  |2 2001 
100 1 |a Schutz, Peter,  |d 1955-  |4 aut  |9 104504 
245 1 0 |a Prečo nie najlepšieho  |c Peter Schutz 
650 0 7 |a prezidentské voľby  |2 snkbucl  |9 4489 
650 0 7 |a prezidentskí kandidáti  |2 snkbucl  |9 83609 
651 7 |a Slovensko  |2 snkbucl  |9 14231 
655 7 |a názory  |2 snkbucl  |9 314429 
773 0 |t Sme  |g Roč. 17, č. 65 (19.3.2009)  |x 1335-440X 
773 0 8 |t Kultúra  |g S. 32 
852 |a SNK  |b KIS3GCP 
958 |a SK 
999 |c 2669192  |d 2671122